| 000 | 01245nam2a22002411 4500 | ||
|---|---|---|---|
| 001 | rc\947025 | ||
| 005 | 20250621233614.0 | ||
| 035 | _a(NLR Aleph) 005978796 | ||
| 090 |
_a7006616 _c7006616 |
||
| 100 | _a20070321d1982 |||y0rusy50 ca | ||
| 101 | 0 | _arus | |
| 102 | _aRU | ||
| 105 | _ay ||||||||| | ||
| 200 | 1 |
_aИнтерактивная информационно-поисковая система ПОИСК-1.2 _fП.Д. Анев, В.И. Василева, Ж.Ц. Матеева _hЧ. 4 _iРуководство по установке системы |
|
| 210 |
_d1982 _aБ. м. |
||
| 215 | _a68 с. | ||
| 320 | _aБиблиогр.: с. 50 | ||
| 461 | 0 |
_1001rc\1189636 _12001#$aМетодические материалы и документация по пакетам прикладных программ$fМеждунар. центр науч. и техн. информ.$vВып. 19 _96963736 _cМ. _d1980 _fМеждунар. центр науч. и техн. информ. _nМЦНТИ _tМетодические материалы и документация по пакетам прикладных программ _vВып. 19 |
|
| 801 | 0 |
_aRU _bNLR _gpsbo |
|
| 801 | 1 |
_aRU _bELAR _2rusmarc |
|
| 852 |
_aNLR _j79-8/681 |
||
| 942 | _cBOOK | ||
| 980 | _aNB | ||